GORDIS EPIDEMIOLOGY. (Record no. 1209034)

MARC details
000 -LEADER
fixed length control field 00493nam a22002057a 4500
003 - CONTROL NUMBER IDENTIFIER
control field OSt
005 - DATE AND TIME OF LATEST TRANSACTION
control field 20250919153834.0
008 - FIXED-LENGTH DATA ELEMENTS--GENERAL INFORMATION
fixed length control field 250505b |||||||| |||| 00| 0 eng d
020 ## - INTERNATIONAL STANDARD BOOK NUMBER
International Standard Book Number 9788131270462
040 ## - CATALOGING SOURCE
Transcribing agency ELSEVIER
082 ## - DEWEY DECIMAL CLASSIFICATION NUMBER
Edition number Ed.7
Classification number 614
Item number CEL
100 ## - MAIN ENTRY--PERSONAL NAME
Personal name CELENTANO D, SZKLO M.
245 ## - TITLE STATEMENT
Title GORDIS EPIDEMIOLOGY.
250 ## - EDITION STATEMENT
Edition statement ED,7
260 ## - PUBLICATION, DISTRIBUTION, ETC.
Name of publisher, distributor, etc. ELSVIER
Date of publication, distribution, etc. 2025
300 ## - PHYSICAL DESCRIPTION
Extent X; 432 ; pb
500 ## - GENERAL NOTE
General note BILL NO - 6085<br/>DATE - 31/03/2025
650 ## - SUBJECT ADDED ENTRY--TOPICAL TERM
Topical term or geographic name entry element PSM
942 ## - ADDED ENTRY ELEMENTS (KOHA)
Source of classification or shelving scheme Dewey Decimal Classification
Koha item type Book
Suppress in OPAC No
Holdings
Withdrawn status Lost status Source of classification or shelving scheme Damaged status Not for loan Home library Current library Date acquired Source of acquisition Cost, normal purchase price Total Checkouts Full call number Barcode Date last seen Copy number Price effective from Koha item type Date due Date last checked out
    Dewey Decimal Classification     Medical College & Hospital, Sangli Medical College & Hospital, Sangli 05/05/2025 B.M.S.G.B, PUNE 3495.00   614/CEL MCS-17322 05/05/2025 2 05/05/2025 Book    
    Dewey Decimal Classification     Medical College & Hospital, Sangli Medical College & Hospital, Sangli 05/05/2025 B.M.S.G.B, PUNE 3495.00 1 614/CEL MCS-17323 18/06/2025 2 05/05/2025 Book 18/06/2025 18/06/2025